Statistics for JoJo's Bizarre Adventure Character Quiz!

Click here to take the quiz!

General Stats

  • This quiz has been taken 1,411 times
  • The average score is 21 of 28

Answer Stats

HintAnswer% Correct
"RODA ROLLA DA!"DIO
94%
Hand fetishYoshikage Kira
93%
Likes dolphins, maybe a bit too muchJotaro Kujo
92%
NIGERUNDAYOOOJoseph Joestar
91%
The Ultimate Lifeform™Kars
87%
A true gentlemanJonathan Joestar
86%
"YES, I AM!"Muhammad Avdol
86%
4Guido Mista
85%
The #1 MILF hunterNoriaki Kakyoin
84%
"OI, JOSUKE!"Okuyasu Nijimura
84%
*Piano music stops*Giorno Giovanna
82%
Frog phoneVinegar Doppio
81%
BaguetteJean-Pierre Polnareff
80%
Best waifuRobert E.O. Speedwagon
77%
CowboyHol Horse
75%
German science is the best in the world!Rudol von Stroheim
75%
"Eat s***, a**hole! Fall off your horse!"Gyro Zeppeli
73%
Likes drawingRohan Kishibe
73%
Turns the straight women viewers gayJolyne Cujoh
72%
ReliableKoichi Hirose
71%
Violent math tutorPannacotta Fugo
71%
Father owns a mafiaTrish Una
67%
SteakJosuke Higashikata
58%
Jotaro bridgeSteely Dan
51%
OrangeNarancia Ghirga
50%
Great sense of tasteBruno Bucciarati
49%
Blind unicornWamuu
39%
"Go ahead, Mr. Joestar!"Daniel J. D'Arby
35%

Score Distribution

Percentile by Number Answered

Percent of People with Each Score

Your Score History

You have not taken this quiz